00467nam a2200157Ia 4500003000900000008004100009040001600050080001500066100002300081245009100104260003500195300001400230490002300244650001900267650002300286IN-BaIIA211028s9999 xx 000 0 eng d cIIA Library a533.5bROB aRobinson, Norman W 4aThe physical principles of ultra-high vacuum systems and equipmentcNorman W. Robinson aLondonbChapman and Hallc1968 aix, 270p. aHigh-vacuum series aVacuum physics aVacuum technology